| 000 | 00975nam a2200205 a 4500 | ||
|---|---|---|---|
| 001 | BRCA_1918 | ||
| 005 | 20190320203613.0 | ||
| 008 | 880606s1993----mx-a---##b---f001-0#spa-d | ||
| 020 | _a9684571801 (Obra completa) | ||
| 040 |
_aDLC _cDLC _dDLC |
||
| 050 | 4 |
_aF1204 _b.A48 1993 |
|
| 100 | 1 |
_aÁlvarez, José Rogelio _d1922- _9613 |
|
| 245 | 1 | 0 |
_aEnciclopedia de México _cdirector José Rogelio Álvarez. |
| 260 |
_aMéxico _bEncyclopaedia Britannica de México _c1993 |
||
| 300 |
_a14 v. _bil. _c28 cm. _e1 CD. |
||
| 505 | 0 | _aContenido : v.1. A-Arriaga. -- v.2. Arriaga-Campeche. -- v.3. Campeche-Córdoba. -- v.4. Cordoncillo-Ejército. -- v.5. Ejército-Fuentes. -- v.6. Fuentes-Guerra. -- v.7. Guerra-Instituto. -- v.8. Instituto-Magia. -- v.9. Magia-Monfort. -- v.10. Monge-Pachuca. -- v.11. Paden-Querétaro. -- v.12. Querétaro-Sindicalismo. -- v.13. Sindicalismo-Ulúa. -- v.14. Ulúa-Zurita | |
| 651 | 4 |
_aMéxico _vEnciclopedias _95918 |
|
| 902 | _aREF | ||
| 942 |
_2lcc _cB |
||
| 999 |
_c1690 _d1690 |
||